000 00742nam a22001337a 4500
040 _cRUA
082 _aAGR RUN 2005 B032 Or.1
100 _aRUN VIRAK
245 _aThe study on potential for agroestry system development by basac river in kampongs svay commune, keansvay district, kandal province,(សិក្សាសក្ដានុពលដើម្បីអភិវឌ្ឍន៍ប្រព័ន្ធកសិរុកម្ម នៅតំបន់ជុំវិញទន្លេបាសាក់ ក្នុងឃុំកំពង់ស្វាយ ស្រុកកៀនស្វាយ ខេត្តកណ្ដាល)
260 _aphnom penh
_bRUA
_c2005
300 _aix,45p.
_cill.
856 _uKEAN KA
942 _cAGR
999 _c687
_d687